=LDR 00000nam 2200000 4500 =001 INLIS000000000002608 =005 20130612090931 =008 ***********************************Ind** =035 ##$$0010-061300000002608 =041 ##$$a Ind =082 ##$$a 616.995 24 =090 ##$$a 616.995 24, Tbc =245 ##$$a TBC paru-paru, buku untuk belajar sendiri =260 ##$$a 1978 $b Jakarta =300 ##$$a 20 hlm, ilus, 30 cm =650 ##$$a Paru-Paru =650 ##$$a Penyakit =710 ##$$a Indonesia.Departemen Kesehatan RI =850 ##$$a NBPNMAT